[Event "402 Stay Safe Play From Home series"]
[Site "Emanuel Lasker Arena"]
[Date "2020.08.21"]
[Round "3"]
[White "Patzeroglu"]
[Black "Fat Kevin"]
[Result "1-0"]
[WhiteElo "1961"]
[BlackElo "1902"]
[Annotator "TA"]
[PlyCount "55"]
[EventDate "2020.08.21"]
[EventType "swiss (blitz)"]

{[%evp 9,55,115,155,129,404,398,377,381,485,461,741,318,434,355,413,322,318,322,404,397,370,346,304,306,486,485,1287,726,721,720,1356,1393,1628,1623,1582,1585,1585,1573,1635,1622,1919,1878,29978,29979,29983,29984,29981,1211]} 1. e4 c5 2. Nf3 Nf6 3. e5 Nd5 4. Nc3 Nb6 5. d4 e6 6. d5 {[#] B29: Sicilian: 2 Nf3 Nf6 (Nimzowitsch Variation).} d6 $146 {[%mdl 8192]} (6... exd5 $16 7. Nxd5 Be7) ({Predecessor:} 6... exd5 7. Nxd5 Nxd5 8. Qxd5 Be7 9. Be3 Qc7 10. Bc4 O-O 11. Bg5 Nc6 12. Bxe7 Nxe7 {1-0 (32) Borsten,C (1522)-De Wit,G (1702) Maastricht 2014}) 7. Bb5+ $18 Bd7 8. dxe6 {White is winning.} fxe6 9. exd6 a6 (9... Kf7 $142 10. Ne5+ Kg8) 10. Bxd7+ (10. Bg5 $142 axb5 11. Bxd8 Kxd8 12. Ng5) 10... Qxd7 11. Ne4 {[#] aiming for Ne5.} Qc6 12. Qe2 {Hoping for Ne5.} Bxd6 13. Neg5 O-O 14. Qxe6+ Kh8 {[#] ...Re8 is the strong threat.} 15. Nf7+ Rxf7 16. Qxf7 Qe4+ (16... N8d7 {might work better.} 17. O-O Rf8) 17. Be3 Nc4 (17... Qe7 $142 18. Ng5 h6) 18. O-O-O Nc6 19. Ng5 Qg4 20. h3 N4e5 21. hxg4 {[%csl Gg5][%cal Rh1h7]} Nxf7 22. Nxf7+ Kg8 23. Nxd6 c4 24. Nxb7 Rb8 25. Rd6 c3 26. Rxc6 {White mates.} cxb2+ 27. Kb1 Rxb7 28. Rc8+ {Black did not feel at home in the position after the opening. Accuracy: White = 59%, Black = 19%.} (28. g5 $142 Re7 29. Rxa6 Re4 30. Ra8+ Kf7 31. Rxh7 Re7 32. Ra6 Ke8 33. Rh8+ Kd7 34. Rha8) 1-0

[Event "402 Stay Safe Play From Home series"]
[Site "Emanuel Lasker Arena"]
[Date "2020.08.21"]
[Round "3"]
[White "Dukic"]
[Black "Timbre"]
[Result "1-0"]
[WhiteElo "1942"]
[BlackElo "1648"]
[Annotator "TA"]
[PlyCount "43"]
[EventDate "2020.08.21"]
[EventType "swiss (blitz)"]

{[%evp 15,43,29,31,25,27,22,46,43,86,83,84,83,84,89,82,89,82,82,82,85,126,112,183,131,169,131,141,131,1569,1556]} 1. c4 c6 2. Nc3 d5 3. cxd5 cxd5 4. d4 Nc6 5. Nf3 a6 6. Bf4 Nf6 7. e3 e6 8. Bd3 Bd6 9. Bg5 {D13: Slav Defence: Exchange variation without ...Bf5.} h6 10. Bh4 Be7 11. Rc1 {White is slightly better.} Nh5 12. Bxe7 Qxe7 {[#]} 13. Ne5 $146 ({Predecessor:} 13. O-O Nf6 14. a3 Bd7 15. Na4 O-O 16. Nc5 Rfb8 17. b4 Nd8 18. a4 b5 19. Ne5 {½-½ (32) Bronznik,V (2418)-Fantin,L (2207) Montpellier 2003}) 13... Nf6 14. Nxc6 bxc6 15. Na4 Bb7 16. Nc5 O-O 17. O-O Rac8 18. Qb3 Ba8 (18... Rb8 $16) 19. Qa3 (19. Nxa6 $18 e5 20. a4) 19... e5 20. Bf5 Rcd8 21. Nxa6 e4 $2 {[%mdl 8192] [#]} (21... Qxa3 $16 22. bxa3 exd4) 22. Qxe7 {White took control after the opening. Accuracy: White = 84%, Black = 36%.} 1-0

[Event "402 Stay Safe Play From Home series"]
[Site "Emanuel Lasker Arena"]
[Date "2020.08.21"]
[Round "3"]
[White "Haris kollari 13"]
[Black "Padmaesh M K"]
[Result "0-1"]
[WhiteElo "1909"]
[BlackElo "1808"]
[Annotator "NA RC"]
[PlyCount "44"]
[EventDate "2020.08.21"]
[EventType "swiss (blitz)"]

1. e4 {[%emt 0:00:03]} c5 {[%emt 0:00:02]} 2. Nf3 {[%emt 0:00:01]} d6 {[%emt 0:00:01]} 3. d4 {[%emt 0:00:01]} cxd4 {[%emt 0:00:00]} 4. Nxd4 {[%emt 0:00:01]} Nf6 {[%emt 0:00:01]} 5. Nc3 {[%emt 0:00:01]} g6 {[%emt 0:00:01]} 6. f4 {[%emt 0:00:01]} Bg7 {[%emt 0:00:01]} 7. Be3 {[%emt 0:00:01]} Nc6 {[%emt 0:00:03]} 8. Be2 {[%emt 0:00:01]} O-O {[%emt 0:00:02]} 9. Qd2 {[%emt 0:00:01]} Ng4 {[%emt 0:00:04]} 10. Bg1 {[%emt 0:00:02]} Qb6 {[%emt 0:00:14]} 11. Nxc6 {[%emt 0:00:21]} Qxc6 {[%emt 0:00:02]} 12. Bf3 {[%emt 0:00:13]} Bxc3 {[%emt 0:00:08]} 13. bxc3 {[%emt 0:00:03]} e5 {[%emt 0:00:01]} 14. h3 {[%emt 0:00:09]} Nf6 {[%emt 0:00:05]} 15. fxe5 {[%emt 0:00:06]} dxe5 {[%emt 0:00:00]} 16. O-O-O {[%emt 0:00:04]} Be6 {[%emt 0:00:03]} 17. Qd6 {[%emt 0:00:19]} Qxc3 {[%emt 0:00:26]} 18. Rd3 {[%emt 0:00:01]} Qa1+ {[%emt 0:00:03]} 19. Kd2 {[%emt 0:00:01]} Bc4 {[%emt 0:00:19]} 20. Qxf6 {[%emt 0:00:24]} Bxd3 {[%emt 0:00:02]} 21. cxd3 {[%emt 0:00:04]} Rfc8 {[%emt 0:00:07]} 22. Be2 {[%emt 0:00:21]} Qc1# {[%emt 0:00:04] (Lag: Av=0.53s, max=1.1s) (Lag: Av=0.53s, max=1.1s) (Lag: Av=0.53s, max=1.1s)} 0-1

[Event "402 Stay Safe Play From Home series"]
[Site "Emanuel Lasker Arena"]
[Date "2020.08.21"]
[Round "3"]
[White "Erdema"]
[Black "Kongle"]
[Result "0-1"]
[WhiteElo "1721"]
[BlackElo "1708"]
[Annotator "NA RC"]
[PlyCount "92"]
[EventDate "2020.08.21"]
[EventType "swiss (blitz)"]

1. e4 {[%emt 0:00:01]} d5 {[%emt 0:00:02]} 2. exd5 {[%emt 0:00:02]} Qxd5 {[%emt 0:00:02]} 3. Nc3 {[%emt 0:00:01]} Qd6 {[%emt 0:00:01]} 4. Nb5 {[%emt 0:00:04]} Qd7 {[%emt 0:00:02]} 5. d4 {[%emt 0:00:03]} c6 {[%emt 0:00:02]} 6. Nc3 {[%emt 0:00:02]} Nf6 {[%emt 0:00:02]} 7. Bc4 {[%emt 0:00:03]} Qc7 {[%emt 0:00:01]} 8. h3 {[%emt 0:00:03]} Bf5 {[%emt 0:00:02]} 9. Nf3 {[%emt 0:00:02]} e6 {[%emt 0:00:02]} 10. Bd3 {[%emt 0:00:02]} Bxd3 {[%emt 0:00:03]} 11. Qxd3 {[%emt 0:00:02]} Bb4 {[%emt 0:00:04]} 12. a3 {[%emt 0:00:03]} Bd6 {[%emt 0:00:04]} 13. O-O {[%emt 0:00:03]} h6 {[%emt 0:00:02]} 14. Re1 {[%emt 0:00:02]} Nbd7 {[%emt 0:00:05]} 15. Qe2 {[%emt 0:00:10]} O-O-O {[%emt 0:00:03]} 16. Ne5 {[%emt 0:00:02]} Rdf8 {[%emt 0:00:09]} 17. Be3 {[%emt 0:00:06]} g5 {[%emt 0:00:02]} 18. f4 {[%emt 0:00:06]} gxf4 {[%emt 0:00:03]} 19. Bxf4 {[%emt 0:00:02]} Nd5 {[%emt 0:00:01]} 20. Nxd7 {[%emt 0:00:24]} Nxf4 {[%emt 0:00:13]} 21. Qf3 {[%emt 0:00:08]} Qxd7 {[%emt 0:00:01]} 22. Ne4 {[%emt 0:00:03]} Bc7 {[%emt 0:00:06]} 23. Nc5 {[%emt 0:00:06]} Qd6 {[%emt 0:00:02]} 24. Qb3 {[%emt 0:00:14]} Rfg8 {[%emt 0:00:34]} 25. Qxb7+ {[%emt 0:00:04]} Kd8 {[%emt 0:00:01]} 26. Kh1 {[%emt 0:00:23]} Nxg2 {[%emt 0:00:08]} 27. Re5 {[%emt 0:00:26]} Qxd4 {[%emt 0:00:11]} 28. Nd3 {[%emt 0:00:50]} Bxe5 {[%emt 0:00:08]} 29. Nxe5 {[%emt 0:00:03]} Qxe5 {[%emt 0:00:01]} 30. Rd1+ {[%emt 0:00:02]} Qd5 {[%emt 0:00:06]} 31. Rxd5+ {[%emt 0:00:03]} cxd5 {[%emt 0:00:01]} 32. Qxf7 {[%emt 0:00:02]} Ne3 {[%emt 0:00:14]} 33. Qxe6 {[%emt 0:00:05]} Re8 {[%emt 0:00:10]} 34. Qd6+ {[%emt 0:00:06]} Kc8 {[%emt 0:00:02]} 35. Qc5+ {[%emt 0:00:03]} Kb8 {[%emt 0:00:02]} 36. Qd6+ {[%emt 0:00:04]} Kb7 {[%emt 0:00:01]} 37. Qd7+ {[%emt 0:00:02]} Kb6 {[%emt 0:00:01]} 38. a4 {[%emt 0:00:03]} Rhf8 {[%emt 0:00:19]} 39. Qb5+ {[%emt 0:00:04]} Kc7 {[%emt 0:00:02]} 40. Qc5+ {[%emt 0:00:01]} Kd7 {[%emt 0:00:01]} 41. Qxa7+ {[%emt 0:00:02]} Ke6 {[%emt 0:00:01]} 42. Qb6+ {[%emt 0:00:01]} Ke5 {[%emt 0:00:01]} 43. Qxe3+ {[%emt 0:00:03]} Kd6 {[%emt 0:00:01]} 44. Qxh6+ {[%emt 0:00:02]} Kc5 {[%emt 0:00:05]} 45. b3 {[%emt 0:00:04]} Re1+ {[%emt 0:00:06]} 46. Kg2 {[%emt 0:00:02]} Rfe8 {[%emt 0:00:02] Zaman Zaman Zaman (Lag: Av=0.85s, max=3.9s) (Lag: Av=0.85s, max=3.9s) (Lag: Av=0.85s, max=3.9s) . . .} 0-1

[Event "402 Stay Safe Play From Home series"]
[Site "Emanuel Lasker Arena"]
[Date "2020.08.21"]
[Round "4"]
[White "Hickey"]
[Black "Haxhi Baha"]
[Result "1-0"]
[WhiteElo "2114"]
[BlackElo "1946"]
[Annotator "TA"]
[PlyCount "169"]
[EventDate "2020.08.21"]
[EventType "swiss (blitz)"]

{[%evp 9,169,36,42,52,50,1,32,1,28,6,8,-47,-23,-116,-108,-122,-121,-125,-118,-132,36,-222,-25,-76,4,0,68,97,99,120,128,129,103,114,181,142,268,264,337,328,341,334,554,308,455,434,441,435,1075,1054,1475,1214,29990,29991,29994,92,94,-170,310,16,22,34,27,0,414,216,229,201,173,135,194,129,145,77,150,134,127,125,341,337,339,333,485,479,489,478,461,376,419,422,1463,345,400,382,392,359,392,389,1045,830,890,817,1459,764,29982,5935,1781,0,29982,29983,29983,29984,29989,1712,29979,29980,29982,29982,29987,29988,29992,1699,29982,1582,1522,1455,1577,1544,2537,2517,2800,2593,5251,2870,29983,29984,29982,29978,29977,29979,29979,29978,29983,29984,29983,29984,29985,29986,29986,29987,29987,29988,29988,29989,29988,29988,29993,29994,29997,29998,29998,29999]} 1. b3 d5 2. Bb2 c5 3. Nf3 Nc6 4. e3 f6 5. d4 cxd4 6. exd4 {A06: Réti Opening: 1 Nf3 d5.} Bg4 {[#]} 7. a3 $146 ({Predecessor:} 7. Be2 e6 8. O-O Bd6 9. c4 Nge7 10. Nc3 Qd7 11. Nb5 Bb8 12. Re1 O-O 13. h3 {1-0 (51) Anton Guijarro,D (2688)-Svidler,P (2723) chess.com INT 2020}) 7... e6 8. Bd3 {White is slightly better.} Bd6 9. Nbd2 Nge7 10. Nf1 (10. c4 $11) 10... O-O 11. Ng3 (11. Ne3 $11 {remains equal.} Bxf3 12. Qxf3) 11... e5 $17 12. dxe5 fxe5 13. Be2 e4 14. Nd4 Bd7 $2 (14... Qa5+ $17 15. c3 Bxe2 16. Ngxe2 Nxd4 17. Nxd4 Qa6) 15. Bg4 $2 {[%mdl 8192]} (15. O-O $14 {stays ahead.}) 15... e3 $2 (15... Qa5+ $19 16. Kf1 Bxg3 17. hxg3 Bxg4 {[%mdl 64] Overworked Piece} 18. Qxg4 Nxd4 19. Bxd4 Nf5) 16. fxe3 (16. O-O $11 {keeps the balance.}) 16... Ne5 ({Black should play} 16... Qa5+ $1 $17 17. c3 Bxg4 18. Qxg4 Nxd4 19. Qxd4 (19. exd4 Rae8 $17) 19... Rae8) 17. Be6+ Kh8 (17... Bxe6 $11 18. Nxe6 Qa5+ 19. b4 Bxb4+ 20. axb4 Qxb4+ 21. Qd2 Qxb2) 18. Qd2 $14 Qc8 19. Bxd7 Qxd7 20. O-O-O Ng4 21. Nf3 Nxe3 (21... Rad8 $16 {was necessary.}) 22. Rde1 $18 (22. Qxe3 Bf4 $17) 22... Bf4 (22... d4 $16) 23. Rxe3 {Hoping for Bxg7+!} Nf5 24. Nxf5 Qxf5 25. Kb1 Rac8 $2 (25... Bxe3 26. Qxe3 Rac8) 26. Nd4 Qg5 (26... Bxe3 {might work better.} 27. Qxe3 (27. Nxf5 Bxd2 28. Bxg7+ {[%mdl 64] Double Attack} Kg8 $16) 27... Qg4) 27. Rhe1 {Strongly threatening Ne6.} Bxe3 28. Rxe3 {Threatens to win with Ne6!} (28. Qxe3 Qxe3 29. Rxe3 Kg8 $18) 28... h6 (28... Qg6 $142 29. Re5 h6) 29. Ne6 {[%mdl 64] Discovered Attack} Rf1+ {[#]} 30. Ka2 $1 Qf5 31. Nxg7 Qxc2 32. Qxc2 $2 (32. Nf5+ {mates} Qc3 33. Re8+ $1 {[%mdl 512]} Rxe8 34. Bxc3+ Kg8 35. Qxd5+ {[%mdl 64] Double Attack} Re6 36. Qxe6+ {[%mdl 64] Double Attack} Kh7 37. Qf7#) 32... Rxc2 $16 33. Rf3 $2 {[%mdl 8192]} (33. Nf5+ $1 $16 Rxb2+ 34. Kxb2 Rxf5 35. Re7) 33... Rg1 $4 {[%mdl 8192]} (33... Rxf3 $19 34. gxf3 Rxh2 35. Ne6+ Kg8) 34. Nf5+ $2 ({Better is} 34. Ne6+ $18 Rxb2+ 35. Kxb2) 34... Kh7 $11 35. Ne3 Rd2 $1 36. Rf7+ (36. a4 $5 {[%cal Rf3f7]} Re1 37. Ka3 $14) 36... Kg6 $2 {[%mdl 8192]} (36... Kg8 $1 $11 37. Rg7+ (37. Rxb7 Re1 $17) 37... Kf8) 37. Rd7 (37. Rg7+ $142 Kh5 38. a4 (38. Rxb7 Re1 $16)) 37... d4 38. Rxd4 Re2 39. Rd6+ Kg5 (39... Kf7 $16) 40. Nc4 ({White should try} 40. h4+ $18 Kxh4 41. Rxh6+ Kg3 42. Nf5+ Kg4 43. Nd6) 40... Rgxg2 $16 {[#]} 41. h3 (41. h4+ $142 $1 Kg4 (41... Kxh4 42. Rxh6+) 42. a4 (42. Rxh6 b5 $16)) 41... b5 (41... h5 $142) 42. Rd5+ {[%mdl 64] Double Attack} Kh4 43. Rxb5 Kxh3 $2 (43... Rg5 $16 44. Rb7 a6) 44. Rh5+ $18 Kg4 45. Rxh6 Kg5 (45... Re7 $142 46. a4 Rb7 47. Rg6+ Kh3) 46. Ra6 Re7 47. a4 Rb7 48. Ra5+ Kf4 49. Ka3 Ke4 (49... Rg8 $142 50. Bd4 Ra8) 50. Bc3 $2 (50. Nd6+ Kd3 51. Nxb7) 50... Rh7 51. Re5+ Kd3 52. Re3+ Kc2 53. Bd4 Rh1 $2 (53... Rd7 54. Bc5 Rg5) 54. Bxa7 Ra1+ 55. Kb4 Rg7 56. Rc3+ Kb1 57. Nd2+ (57. Bb6 $142 Rg4 58. Be3 Rg2 59. a5 Rc2 60. Na3+ Rxa3 61. Rxc2 Kxc2 62. Kxa3) 57... Kb2 58. Nc4+ Kb1 $1 59. Bb6 Rb7 60. a5 Ra2 61. Rh3 (61. Na3+ $142 Rxa3 62. Kxa3 Re7 63. Be3 Rxe3 64. Rxe3 Kc2 65. a6 Kd2 66. Rh3) 61... Rg2 62. Rh1+ Ka2 63. a6 Rb8 64. a7 Ra8 65. Rh7 (65. Bd4 $142 Rb2 66. Bxb2 Rb8+ 67. Kc3 Rxb3+ 68. Kd4 Rd3+ 69. Kxd3 Kb3 70. a8=Q Kb4 71. Qa5+ Kb3 72. Qa3#) 65... Rg3 66. Na5 (66. Be3 $142 Rg2 67. Bd4 Rg4 68. Rh2+ Kb1 69. Rh1+ Kc2 70. Ne3+ {[%mdl 64] Double Attack} Kd3 71. Nxg4 Kxd4 72. Ra1) 66... Rg4+ 67. Kb5 Rg5+ 68. Ka6 Rg6 69. b4 Ka3 70. b5 Rg4 71. Nc6 Ka4 72. Rd7 {White mates.} Rg5 73. Rd4+ Kb3 74. Kb7 Re8 75. a8=Q Rg7+ 76. Bc7 Rxa8 77. Kxa8 Rxc7 {[%mdl 4096] Endgame KRN-KR} 78. Kb8 Rh7 79. b6 Kc3 80. b7 Rh6 81. Kc7 Rh7+ 82. Rd7 Rh1 83. b8=Q Ra1 84. Qb4+ Kc2 85. Rd2+ {Accuracy: White = 49%, Black = 31%.} 1-0

[Event "402 Stay Safe Play From Home series"]
[Site "Emanuel Lasker Arena"]
[Date "2020.08.21"]
[Round "4"]
[White "Patzeroglu"]
[Black "Ionelluca"]
[Result "1/2-1/2"]
[WhiteElo "1976"]
[BlackElo "2068"]
[Annotator "TA"]
[PlyCount "100"]
[EventDate "2020.08.21"]
[EventType "swiss (blitz)"]

{[%evp 11,100,56,65,13,0,0,67,51,143,135,172,180,219,196,187,175,179,177,192,211,552,481,414,408,388,324,369,312,258,224,161,39,246,62,67,62,63,57,55,26,36,0,0,0,0,0,0,0,0,0,0,-14,89,0,0,0,0,0,0,-23,0,0,0,-32,0,0,0,-13,0,-33,0,-21,-21,-16,-25,-8,-24,-29,0,0,0,0,0,0,0,0,0,0,0,0,0]} 1. e4 d6 2. d4 Nf6 3. Nc3 c6 4. f4 Qa5 5. Bd3 e5 6. Nf3 Nbd7 7. dxe5 {B07: Pirc Defence: Miscellaneous Systems.} (7. O-O $14) 7... dxe5 $11 8. O-O Ng4 (8... Bd6 $11) 9. Kh1 {White is slightly better.} Bc5 {[#]} (9... Be7 $14) 10. Qe1 $146 ({Predecessor:} 10. Qe2 b5 11. fxe5 Ndxe5 12. Nxe5 Nxe5 13. Qh5 Qc7 14. Bf4 Bd6 15. Nxb5 cxb5 16. Bxe5 Bxe5 17. Bxb5+ {1-0 (26) Broday,G (2083)-Da Silva Junior,M (1806) Sao Bento do Sul 2016}) 10... Bd6 11. Nb5 Bb4 {[#]} 12. Nd6+ $1 {[%mdl 512]} Kf8 (12... Bxd6 13. Qxa5) 13. Bd2 Bxd2 14. Nxd2 ({Don't play} 14. Qxd2 $6 Qxd2 15. Nxd2 exf4 $14) 14... exf4 15. Rxf4 Qh5 $2 (15... Ndf6 16. N2c4 Qxe1+ 17. Rxe1 Nh6) 16. Qg3 Nde5 17. Nxc8 Rxc8 18. Rf5 ({Don't do} 18. Be2 Qxh2+ 19. Qxh2 Nxh2 $18) 18... Qh6 19. Nf3 Nxf3 20. Rxf3 Qe6 {[#]} 21. Raf1 (21. e5 $1 $18 {[%mdl 512]} Nh6 (21... Qxe5 22. Qxg4) 22. Re1) 21... f6 $2 {[#]} ({Better is} 21... Ne5 $14) 22. e5 $2 (22. Rf5 $1 $18 Nh6 23. e5 Nxf5 24. Bxf5 Qxe5 25. Qxe5 fxe5 26. Bxc8+ {[%mdl 64] Discovered Attack} Ke7 27. Bxb7) 22... Nxe5 $14 23. Bf5 Qe8 24. Bxc8 Nxf3 25. Bxb7 Ne5 26. Ba6 Kf7 27. Be2 Qe6 28. b3 Rd8 29. h3 Rd4 30. Qe3 Qd6 31. Bh5+ Ke7 (31... g6 $11 32. Be2 a5) 32. Be2 (32. c3 $16 Rd3 33. Qxa7+ Qd7 34. Qa3+ Qd6 35. Qa7+ Qd7 36. Qc5+ Qd6 37. Qa7+) 32... c5 33. Rf4 Rxf4 34. Qxf4 Qd5 35. Bf3 Qd6 36. Qe4 Qd2 37. Qxh7 Qc1+ 38. Kh2 Qf4+ 39. Kg1 Qe3+ 40. Kh2 (40. Kf1 $5 {[%cal Rh7g7]} Nxf3 41. Qxg7+ Ke8 42. gxf3 Qxf3+ 43. Kg1 $11 (43. Ke1 Qe3+ 44. Kf1 Qc1+ 45. Ke2 Qxc2+ {[%mdl 64] Double Attack} 46. Kf3 Qxa2 $11)) 40... Qf4+ 41. Kg1 Nxf3+ 42. gxf3 $11 {[%mdl 4096] Endgame KQ-KQ} Qg3+ 43. Kf1 Qxf3+ 44. Ke1 Qe3+ 45. Kd1 {The position is equal.} Qg1+ 46. Kd2 Qd4+ 47. Kc1 Qa1+ 48. Kd2 Qd4+ 49. Kc1 Qa1+ 50. Kd2 Qd4+ {Black defended with fortune. Accuracy: White = 72%, Black = 66%.} 1/2-1/2

[Event "402 Stay Safe Play From Home series"]
[Site "Emanuel Lasker Arena"]
[Date "2020.08.21"]
[Round "4"]
[White "Fat Kevin"]
[Black "Dukic"]
[Result "0-1"]
[WhiteElo "1888"]
[BlackElo "1947"]
[Annotator "TA"]
[PlyCount "128"]
[EventDate "2020.08.21"]
[EventType "swiss (blitz)"]

{[%evp 9,127,74,66,50,74,0,42,45,72,0,8,-22,-5,-139,-141,-481,-478,-456,-479,-511,-517,-591,-568,-593,-607,-843,-826,-887,-887,-881,-745,-790,-738,-821,-677,-688,-693,-745,-723,-760,-743,-879,-792,-956,-941,-929,-937,-1304,-1270,-1259,-1191,-2356,-1893,-29972,-1928,-29991,-29987,-29986,-29987,-29987,-6885,-5227,-2320,-2042,-2057,-1595,-1362,-29993,-29991,-29993,-29992,-29994,-29994,-29994,-29995,-29995,-29996,-29998,-29994,-29994,-29993,-29993,-29992,-29992,-29993,-29993,-29992,-29992,-29993,-29996,-29992,-29992,-29993,-29993,-29992,-29992,-29992,-29992,-29993,-29993,-29993,-29993,-29992,-29992,-29992,-29992,-29992,-29993,-29994,-29994,-29995,-29995,-29996,-29996,-29997,-29997,-29997,-29998,-29998,-29999]} 1. d4 c6 2. c4 d6 3. Nc3 Nd7 4. e4 e5 5. Nf3 Be7 6. Be3 {A41: 1 d4 d6: Tartakower System and Modern Defence.} Ngf6 7. Bd3 (7. Be2 $16) 7... O-O 8. O-O {White is slightly better.} Re8 {[#]} 9. Nh4 $146 (9. d5 $16) ({Predecessor:} 9. Qc2 Qc7 10. a3 Ng4 11. Bd2 exd4 12. Nxd4 d5 13. g3 dxc4 14. Bxc4 Qe5 15. Nf5 {0-1 (28) Kemppainen,M-Aakio,S (2050) Finland 2016}) 9... g6 10. g3 Nf8 11. f4 (11. d5 $11 {remains equal.}) 11... Ng4 $17 12. Ng2 $2 {[%mdl 8192] White does not recover from this.} (12. Qe2 $17 {is a better chance.}) 12... Nxe3 $19 13. Nxe3 exd4 14. f5 dxe3 15. g4 Bg5 16. Qe1 Nd7 17. Ne2 Ne5 18. Bc2 Nxg4 19. Qg3 Ne5 20. Rad1 Qe7 21. Bb3 c5 22. Nc3 f6 23. h4 Bh6 24. h5 Bg5 25. Kh1 Qg7 26. Rxd6 gxf5 27. exf5 Qf7 28. Ne4 Qxh5+ 29. Kg1 Kh8 {Threatens to win with ...e2.} 30. Rxf6 e2 31. Rb1 Bh4 (31... Bxf6 $142 32. Nxf6 Qxf5 {[%mdl 64] Double Attack} 33. Rd1 exd1=Q+ 34. Bxd1 Qxf6 35. b4 {[#]} Rg8 $1 {[%mdl 512]} 36. Qxg8+ Kxg8 37. Kg2 Ng4 38. Kh3 Qh6+ 39. Kg3 Qh2+ {[%mdl 64] Double Attack} 40. Kf3 Qf2+ 41. Ke4 Qf5#) 32. Qf4 e1=Q+ 33. Rxe1 Nf3+ {[%mdl 64] [#] Double Attack} 34. Kf1 Nxe1 (34... Bxf6 $142 35. Re3 Qh3+ 36. Kf2 Bh4+ 37. Ng3 Bxf5 38. a3 Rxe3 {[%mdl 64] Overworked Piece} 39. Kxe3 Bxg3 40. Ba4 Ne1 41. b4 Bxf4+ 42. Kxf4 Nd3+ {[%mdl 64] Double Attack} 43. Kg5 Rf8 44. bxc5 h6#) 35. Rh6 Qxf5 36. Rxh4 Rxe4 37. Qxf5 Bxf5 38. Rh5 Bg6 {Black mates.} 39. Rxc5 Rae8 40. Rc7 Rf4+ 41. Kg1 Re2 42. Rc8+ Kg7 43. c5 Nf3+ 44. Kf1 Nd4+ 45. Kg1 Rff2 46. Rg8+ Kh6 47. Bd5 Nf3+ 48. Bxf3 Rxf3 49. Re8 Rff2 50. Rxe2 Rxe2 51. b4 Rxa2 52. b5 Rb2 53. c6 bxc6 54. bxc6 Rc2 55. c7 Rxc7 56. Kf2 a5 57. Ke3 a4 58. Kf4 a3 59. Ke5 a2 60. Kd6 Rc1 61. Ke5 a1=Q+ 62. Ke6 Qa2+ 63. Ke7 Rc6 64. Kf8 Qf7# {Accuracy: White = 18%, Black = 80%.} 0-1

[Event "402 Stay Safe Play From Home series"]
[Site "Emanuel Lasker Arena"]
[Date "2020.08.21"]
[Round "4"]
[White "Padmaesh M K"]
[Black "Schachwerk_64"]
[Result "1-0"]
[WhiteElo "1830"]
[BlackElo "1916"]
[Annotator "NA RC"]
[PlyCount "49"]
[EventDate "2020.08.21"]
[EventType "swiss (blitz)"]

1. Nf3 {[%emt 0:00:01]} Nf6 {[%emt 0:00:02]} 2. g3 {[%emt 0:00:01]} d5 {[%emt 0:00:03]} 3. Bg2 {[%emt 0:00:01]} Bg4 {[%emt 0:00:01]} 4. O-O {[%emt 0:00:02]} Nbd7 {[%emt 0:00:10]} 5. c4 {[%emt 0:00:02]} c6 {[%emt 0:00:21]} 6. cxd5 {[%emt 0:00:05]} cxd5 {[%emt 0:00:00]} 7. d4 {[%emt 0:00:02]} e6 {[%emt 0:00:07]} 8. Nc3 {[%emt 0:00:01]} Bd6 {[%emt 0:00:08]} 9. Qd3 {[%emt 0:00:18]} Bf5 {[%emt 0:00:09]} 10. Qd1 {[%emt 0:00:11]} Rc8 {[%emt 0:00:03]} 11. Qa4 {[%emt 0:00:20]} a6 {[%emt 0:00:14]} 12. Ne5 {[%emt 0:00:11]} O-O {[%emt 0:00:46]} 13. f4 {[%emt 0:00:12]} Nb6 {[%emt 0:00:03]} 14. Qb3 {[%emt 0:00:04]} Ne4 {[%emt 0:00:25]} 15. Nxe4 {[%emt 0:00:14]} Bxe4 {[%emt 0:00:02]} 16. Bd2 {[%emt 0:00:19]} Nc4 {[%emt 0:00:28]} 17. Nxc4 {[%emt 0:00:13]} Rxc4 {[%emt 0:00:02]} 18. Bxe4 {[%emt 0:00:03]} Rxd4 {[%emt 0:00:03]} 19. Bd3 {[%emt 0:00:08]} Bc5 {[%emt 0:00:26]} 20. e3 {[%emt 0:00:14]} Re4 {[%emt 0:00:08]} 21. Bxe4 {[%emt 0:00:03]} dxe4 {[%emt 0:00:00]} 22. Rad1 {[%emt 0:00:02]} Qd3 {[%emt 0:00:02]} 23. Qxd3 {[%emt 0:00:02]} exd3 {[%emt 0:00:01]} 24. Kf2 {[%emt 0:00:01]} Rd8 {[%emt 0:00:02]} 25. Bc3 {[%emt 0:00:01] Schachwerk_64 gibt auf Schachwerk_64 gibt auf Schachwerk_64 gibt auf (Lag: Av=0.62s, max=2.0s) (Lag: Av=0.62s, max=2.0s) (Lag: Av=0.62s, max=2.0s)} 1-0